Castellano 1
Saved in:
| Main Authors: | , |
|---|---|
| Format: | Bog |
| Sprog: | spansk |
| Udgivet: |
Santiago
Arrayán
1985
|
| Fag: | |
| Tags: |
Tilføj Tag
Ingen Tags, Vær først til at tagge denne postø!
|
MARC
| LEADER | 00000nam a2200000 a 4500 | ||
|---|---|---|---|
| 001 | UCW5346 | ||
| 003 | CL-VaPUC | ||
| 008 | 910408e19850000CL |||||||||||||||||spa|d | ||
| 082 | 0 | 4 | |a 372.6 |b ARR |2 21 |
| 100 | 0 | |a Arroyo R., Rosita |e author |9 310284 | |
| 700 | |a Larraín Ibáñez, Carmen |e author |9 448821 | ||
| 245 | 1 | 0 | |a Castellano 1 |
| 300 | |a 125 p | ||
| 942 | |c BK | ||
| 945 | |d 19910408 00:00:00 | ||
| 260 | |a Santiago |b Arrayán |c 1985 | ||
| 650 | 0 | |a Apresto lectoescritura |9 309297 | |
| 650 | 7 | |a LIBRO DE TEXTO |2 CL-VaPUC |9 309176 | |
| 583 | |a last modification |c 19910408 00:00:00 |k Rodrigo Vera | ||
| 999 | |c 218807 |d 218805 | ||
| 952 | |0 0 |1 0 |4 0 |6 372_600000000000000_ARR_1985 |7 0 |8 P |9 208983 |a BIBEDU |b BIBEDU |c BIBEDU_PB |d 2019-11-15 |i 2767678 |o 372.6 ARR 1985 |p 2767678 |r 2024-01-25 |w 2019-11-15 |y BK |k EDU | ||